000 01187nam a22003730a 4500
001 PT41560
003 AR-LpoUNG
005 20211109120114.0
008 191001s1971||||sp |||||||||||||||||spa d
040 _aAR-LpoUNG
_bspa
_cAR-LpoUNG
_eaacr
041 _aspa
044 _asp
082 0 _a320.092 632dem
100 1 _aTocqueville, Alexis de
245 1 3 _aLa democracia en América
250 _a1ra. ed.
260 _aMadrid :
_bAguilar,
_c1971.
300 _a288 p. :
_btbls.
520 _aLibro clásico de ciencia política. Esta obra toca dos temas centrales: Las instituciones norteamericanas como expresión de ls costumbres, y en general, el estilo de vida de los Estados Unidos, y los principios en que se basa un Estado democrático.
650 4 _aAMERICA LATINA
650 4 _aANALISIS SOCIOLOGICO
650 4 _aASPECTOS POLITICOS
650 4 _aCIENCIA POLITICA
650 4 _aDEMOCRACIA
650 4 _aDEMOCRATIZACION
650 4 _aPOLITICA
650 4 _aSISTEMAS POLITICOS
650 4 _aSOBERANIA
651 4 _aAmérica Latina
653 _aFILOSOFIA POLITICA
700 1 _aNegro Pavón, Dalmacio
_etr.
905 _a41560
942 _cLIB
_2ddc
999 _c6575
_d6575